| 000 | 00548nam a2200157 a 4500 | ||
|---|---|---|---|
| 008 | 120416s1985 ||||||||||||||||| || u | ||
| 020 | _a0333237250 | ||
| 050 | _aT 57.85 Bat | ||
| 100 | _aBattersby, Albert | ||
| 245 | 1 | 0 | _aNetwork analysis for Planning and scheduling |
| 250 | _a3rd. ed. | ||
| 260 |
_aBasingstoke, Hampshire _bMacmillan _c1985 |
||
| 300 | _aix, 332p. : ill. | ||
| 350 | _a0.00 | ||
| 995 |
_D0.00 _FCBU-MAIN LIBRARY (Kitwe) _H1 _I12.00 _ULOST _ZMain Library Open Access Collection |
||
| 999 |
_c52068 _d52068 |
||